| 000 | 00606nam a2200205 i 4500 | ||
|---|---|---|---|
| 001 | 75296 | ||
| 003 | ES-MaACL | ||
| 005 | 20230906172411.0 | ||
| 007 | t| | ||
| 008 | 040923s1963 sp ||||1| spa d | ||
| 100 | 1 |
_aGramont, Sanche de. _959544 |
|
| 245 | 1 | 3 |
_aLa guerra secreta / _cpor Sanche de Gramont ; [versión española de Jaime Piñeiro]. |
| 260 |
_aBarcelona, etc. : _bBruguera, _c[1963] |
||
| 300 |
_a567 p. ; _c24 cm. |
||
| 490 | 1 | _aCírculo rojo | |
| 700 | 1 |
_aPiñeiro, Jaime. _992259 |
|
| 830 | 0 |
_aCírculo rojo _9187125 |
|
| 852 |
_aES-MaACL _jC-22909 _bR.51691 |
||
| 999 |
_c75296 _d75296 |
||